Manual de fertilización y riego en hortalizas bajo plástico: manejos innovadores en fertilización y riego para mejoramiento de la productividad y calidad en pequeños productores de hortalizas bajo plástico de la región de Valparaíso

Guardat en:
Dades bibliogràfiques
Autor principal: Astorga Olivares, Ricardo (Autor)
Format: Llibre
Idioma:espanyol
Publicat: Santiago InnovaChile 2011
Edició:1a. ed
Matèries:
Etiquetes: Afegir etiqueta
Sense etiquetes, Sigues el primer a etiquetar aquest registre!

MARC

LEADER 00000cam a2200000 a 4500
001 UCG9407
003 CL-VaPUC
008 120316e20110000CL |||||||||||||||||spa|d
082 0 4 |a 631.8  |b AST  |2 21 
100 0 |a Astorga Olivares, Ricardo  |e author  |9 560976 
245 1 0 |a Manual de fertilización y riego en hortalizas bajo plástico: manejos innovadores en fertilización y riego para mejoramiento de la productividad y calidad en pequeños productores de hortalizas bajo plástico de la región de Valparaíso 
250 |a 1a. ed 
300 |a 84 p 
942 |c BK 
945 |d 20120316 00:00:00  |a cmena 
260 |a Santiago  |b InnovaChile  |c 2011 
650 0 |a Fertilización   |9 259681 
650 0 |a Riego  |9 259685 
650 0 |a Hortalizas  |9 259501 
650 0 |a Fertirrigación  |9 392250 
650 7 |a CULTIVO DE TOMATE  |2 CL-VaPUC  |9 560977 
583 |a last modification  |c 20120316 11:38:00  |k Rodrigo Vera 
999 |c 346962  |d 346960 
952 |0 0  |1 0  |4 0  |6 631_800000000000000_AST_2011  |7 0  |8 A  |9 447984  |a BIBAGR  |b BIBAGR  |d 2019-11-22  |i 4846079  |o 631.8 AST 2011  |p 4846079  |r 2025-01-20  |w 2019-11-22  |y BK  |k AGR 
952 |0 0  |1 0  |4 0  |6 631_800000000000000_AST_2011  |7 0  |8 A  |9 447985  |a BIBAGR  |b BIBAGR  |d 2019-11-22  |i 4846087  |o 631.8 AST 2011  |p 4846087  |r 2025-01-20  |w 2019-11-22  |y BK  |k AGR 
952 |0 0  |1 0  |4 0  |6 631_800000000000000_AST_2011  |7 0  |8 A  |9 447986  |a BIBAGR  |b BIBAGR  |d 2019-11-22  |i 4846095  |o 631.8 AST 2011  |p 4846095  |r 2025-01-20  |w 2019-11-22  |y BK  |k AGR 
952 |0 0  |1 0  |4 0  |6 631_800000000000000_AST_2011  |7 0  |8 A  |9 447987  |a BIBAGR  |b BIBAGR  |d 2019-11-22  |i 4846109  |o 631.8 AST 2011  |p 4846109  |r 2025-01-20  |w 2019-11-22  |y BK  |k AGR 
952 |0 0  |1 0  |4 0  |6 631_800000000000000_AST_2011  |7 0  |8 A  |9 447988  |a BIBAGR  |b BIBAGR  |d 2019-11-22  |i 4846117  |o 631.8 AST 2011  |p 4846117  |r 2025-01-20  |w 2019-11-22  |y BK  |k AGR 
952 |0 0  |1 0  |4 0  |6 631_800000000000000_AST_2011  |7 0  |8 A  |9 447989  |a BIBAGR  |b BIBAGR  |d 2019-11-22  |i 4846125  |o 631.8 AST 2011  |p 4846125  |r 2025-01-20  |w 2019-11-22  |y BK  |k AGR 
952 |0 0  |1 0  |4 0  |6 631_800000000000000_AST_2011  |7 0  |8 A  |9 447990  |a BIBAGR  |b BIBAGR  |d 2019-11-22  |i 4846133  |o 631.8 AST 2011  |p 4846133  |r 2025-01-20  |w 2019-11-22  |y BK  |k AGR 
952 |0 0  |1 0  |4 0  |6 631_800000000000000_AST_2011  |7 0  |8 A  |9 447991  |a BIBAGR  |b BIBAGR  |d 2019-11-22  |i 4846141  |o 631.8 AST 2011  |p 4846141  |r 2025-01-20  |w 2019-11-22  |y BK  |k AGR 
952 |0 0  |1 0  |4 0  |6 631_800000000000000_AST_2011  |7 0  |8 A  |9 447992  |a BIBAGR  |b BIBAGR  |d 2019-11-22  |i 484615K  |l 1  |m 1  |o 631.8 AST 2011  |p 484615K  |r 2025-01-20  |s 2022-05-27  |w 2019-11-22  |y BK  |k AGR 
952 |0 0  |1 0  |4 0  |6 631_800000000000000_AST_2011  |7 0  |8 A  |9 447993  |a BIBAGR  |b BIBAGR  |d 2019-11-22  |i 4846168  |o 631.8 AST 2011  |p 4846168  |r 2025-01-20  |w 2019-11-22  |y BK  |k AGR 
952 |0 0  |1 0  |4 0  |6 631_800000000000000_AST_2011  |7 0  |8 A  |9 447994  |a BIBAGR  |b BIBAGR  |d 2019-11-22  |i 4846176  |l 3  |o 631.8 AST 2011  |p 4846176  |r 2025-01-20  |s 2022-08-01  |w 2019-11-22  |y BK  |k AGR 
952 |0 0  |1 0  |4 0  |6 631_800000000000000_AST_2011  |7 0  |8 A  |9 447995  |a BIBAGR  |b BIBAGR  |d 2019-11-22  |i 4846184  |o 631.8 AST 2011  |p 4846184  |r 2025-01-20  |w 2019-11-22  |y BK  |k AGR 
952 |0 0  |1 0  |4 0  |6 631_800000000000000_AST_2011  |7 0  |8 A  |9 447996  |a BIBAGR  |b BIBAGR  |d 2019-11-22  |i 4846192  |o 631.8 AST 2011  |p 4846192  |r 2025-01-20  |w 2019-11-22  |y BK  |k AGR 
952 |0 0  |1 0  |4 0  |6 631_800000000000000_AST_2011  |7 0  |8 A  |9 447997  |a BIBAGR  |b BIBAGR  |d 2019-11-22  |i 4846206  |o 631.8 AST 2011  |p 4846206  |r 2025-01-20  |w 2019-11-22  |y BK  |k AGR 
952 |0 0  |1 0  |4 0  |6 631_800000000000000_AST_2011  |7 0  |8 A  |9 447998  |a BIBAGR  |b BIBAGR  |d 2019-11-22  |i 4846214  |o 631.8 AST 2011  |p 4846214  |r 2025-01-20  |w 2019-11-22  |y BK  |k AGR 
952 |0 0  |1 0  |4 0  |6 631_800000000000000_AST_2011  |7 0  |8 A  |9 447999  |a BIBAGR  |b BIBAGR  |d 2019-11-22  |i 4846222  |o 631.8 AST 2011  |p 4846222  |r 2025-01-20  |w 2019-11-22  |y BK  |k AGR 
952 |0 0  |1 0  |4 0  |6 631_800000000000000_AST_2011  |7 0  |8 A  |9 448000  |a BIBAGR  |b BIBAGR  |d 2019-11-22  |i 4846230  |o 631.8 AST 2011  |p 4846230  |r 2025-01-20  |w 2019-11-22  |y BK  |k AGR 
952 |0 0  |1 0  |4 0  |6 631_800000000000000_AST_2011  |7 0  |8 A  |9 448001  |a BIBAGR  |b BIBAGR  |d 2019-11-22  |i 4846249  |o 631.8 AST 2011  |p 4846249  |r 2025-01-20  |w 2019-11-22  |y BK  |k AGR 
952 |0 0  |1 0  |4 0  |6 631_800000000000000_AST_2011  |7 0  |8 A  |9 448002  |a BIBAGR  |b BIBAGR  |d 2019-11-22  |i 4846257  |o 631.8 AST 2011  |p 4846257  |r 2025-01-20  |w 2019-11-22  |y BK  |k AGR 
952 |0 0  |1 0  |4 0  |6 631_800000000000000_AST_2011  |7 0  |8 A  |9 448003  |a BIBAGR  |b BIBAGR  |d 2019-11-22  |i 4846265  |o 631.8 AST 2011  |p 4846265  |r 2025-01-20  |w 2019-11-22  |y BK  |k AGR 
952 |0 0  |1 0  |4 0  |6 631_800000000000000_AST_2011  |7 0  |8 A  |9 448004  |a BIBAGR  |b BIBAGR  |d 2019-11-22  |i 4846273  |o 631.8 AST 2011  |p 4846273  |r 2025-01-20  |w 2019-11-22  |y BK  |k AGR 
952 |0 0  |1 0  |4 0  |6 631_800000000000000_AST_2011  |7 0  |8 A  |9 448005  |a BIBAGR  |b BIBAGR  |d 2019-11-22  |i 4846281  |o 631.8 AST 2011  |p 4846281  |r 2025-01-20  |w 2019-11-22  |y BK  |k AGR 
952 |0 0  |1 0  |4 0  |6 631_800000000000000_AST_2011  |7 0  |8 A  |9 448006  |a BIBAGR  |b BIBAGR  |d 2019-11-22  |i 484629K  |o 631.8 AST 2011  |p 484629K  |r 2025-01-20  |w 2019-11-22  |y BK  |k AGR 
952 |0 0  |1 1  |2 ddc  |4 0  |6 631_800000000000000_AST_2011  |7 0  |8 A  |9 448007  |a BIBAGR  |b BIBAGR  |d 2019-11-22  |i 4846303  |o 631.8 AST 2011  |p 4846303  |r 2019-11-22  |w 2019-11-22  |y BK  |k AGR 
952 |0 0  |1 0  |4 0  |6 631_800000000000000_AST_2011  |7 0  |8 A  |9 448008  |a BIBAGR  |b BIBAGR  |d 2019-11-22  |i 4846311  |o 631.8 AST 2011  |p 4846311  |r 2025-01-20  |w 2019-11-22  |y BK  |k AGR 
952 |0 0  |1 0  |4 0  |6 631_800000000000000_AST_2011  |7 0  |8 A  |9 448009  |a BIBAGR  |b BIBAGR  |d 2019-11-22  |i 484632K  |l 1  |o 631.8 AST 2011  |p 484632K  |r 2025-01-20  |s 2023-05-30  |w 2019-11-22  |y BK  |k AGR 
952 |0 0  |1 0  |4 0  |6 631_800000000000000_AST_2011  |7 0  |8 A  |9 448010  |a BIBAGR  |b BIBAGR  |d 2019-11-22  |i 4846338  |o 631.8 AST 2011  |p 4846338  |r 2025-01-20  |w 2019-11-22  |y BK  |k AGR 
952 |0 0  |1 0  |4 0  |6 631_800000000000000_AST_2011  |7 0  |8 A  |9 448011  |a BIBAGR  |b BIBAGR  |d 2019-11-22  |i 4846346  |o 631.8 AST 2011  |p 4846346  |r 2025-01-20  |w 2019-11-22  |y BK  |k AGR